[Event "DEM U10w 2022"]
[Site "Willingen GER"]
[Date "2022.06.10"]
[Round "10"]
[White "Weyerer, Elea"]
[Black "Bacakova, Klara"]
[Result "1-0"]
[Termination "normal"]
[Board "5"]
[WhiteElo "876"]
[BlackElo "1169"]
[WhiteClock "01:13:34"]
[BlackClock "00:14:37"]
[PlyCount "105"]
[WhiteFideId "34605770"]
[BlackFideId "34605762"]
[EventCountry "GER"]
[EventRounds "11"]
[EventType "swiss"]
[EventDate "2022.06.04"]

1. d4 {[%clk 01:15:57]} {[%emt 00:00:03]} d5 {[%clk 01:15:49]} {[%emt
00:00:11]} 2. Bf4 {[%clk 01:16:19]} {[%emt 00:00:07]} Nf6 {[%clk 01:15:57]}
{[%emt 00:00:23]} 3. e3 {[%clk 01:16:36]} {[%emt 00:00:13]} e6 {[%clk
01:14:26]} {[%emt 00:02:01]} 4. Nd2 {[%clk 01:16:22]} {[%emt 00:00:44]} Be7
{[%clk 01:09:43]} {[%emt 00:05:12]} 5. c3 {[%clk 01:15:54]} {[%emt 00:00:59]}
O-O {[%clk 01:08:26]} {[%emt 00:01:47]} 6. Bd3 {[%clk 01:15:06]} {[%emt
00:01:17]} c5 {[%clk 01:02:39]} {[%emt 00:06:17]} 7. Ngf3 {[%clk 01:13:26]}
{[%emt 00:02:11]} Nc6 {[%clk 00:59:11]} {[%emt 00:03:58]} 8. Ne5 {[%clk
01:10:54]} {[%emt 00:03:01]} Qb6 {[%clk 00:52:42]} {[%emt 00:06:59]} 9. Rb1
{[%clk 01:09:51]} {[%emt 00:01:33]} c4 {[%clk 00:46:41]} {[%emt 00:06:32]} 10.
Bc2 {[%clk 01:09:39]} {[%emt 00:00:42]} Bd6 {[%clk 00:40:48]} {[%emt 00:06:24]}
11. Ndf3 {[%clk 01:08:51]} {[%emt 00:01:15]} Qc7 {[%clk 00:35:33]} {[%emt
00:05:47]} 12. b3 {[%clk 01:05:28]} {[%emt 00:03:52]} b5 {[%clk 00:32:58]}
{[%emt 00:03:06]} 13. a4 {[%clk 01:05:07]} {[%emt 00:00:51]} a6 {[%clk
00:30:54]} {[%emt 00:02:34]} 14. Ra1 {[%clk 01:04:28]} {[%emt 00:01:08]} Bb7
{[%clk 00:27:36]} {[%emt 00:03:50]} 15. axb5 {[%clk 01:01:15]} {[%emt
00:03:42]} axb5 {[%clk 00:27:53]} {[%emt 00:00:13]} 16. bxc4 {[%clk 01:00:43]}
{[%emt 00:01:02]} bxc4 {[%clk 00:27:56]} {[%emt 00:00:27]} 17. O-O {[%clk
01:00:07]} {[%emt 00:01:06]} Nd7 {[%clk 00:23:22]} {[%emt 00:05:05]} 18. Nxd7
{[%clk 00:59:04]} {[%emt 00:01:32]} Qxd7 {[%clk 00:23:35]} {[%emt 00:00:17]}
19. Ng5 {[%clk 00:57:18]} {[%emt 00:02:15]} h6 {[%clk 00:22:18]} {[%emt
00:01:47]} 20. Qh5 {[%clk 00:57:17]} {[%emt 00:00:31]} Bxf4 {[%clk 00:20:06]}
{[%emt 00:02:43]} 21. exf4 {[%clk 00:57:33]} {[%emt 00:00:14]} f5 {[%clk
00:19:00]} {[%emt 00:01:36]} 22. Nf3 {[%clk 00:57:12]} {[%emt 00:00:49]} Qf7
{[%clk 00:18:10]} {[%emt 00:01:22]} 23. Qxf7+ {[%clk 00:56:31]} {[%emt
00:01:11]} Kxf7 {[%clk 00:17:54]} {[%emt 00:00:46]} 24. Rfe1 {[%clk 00:55:37]}
{[%emt 00:01:22]} Rxa1 {[%clk 00:17:31]} {[%emt 00:00:55]} 25. Rxa1 {[%clk
00:55:46]} {[%emt 00:00:21]} Ra8 {[%clk 00:17:42]} {[%emt 00:00:19]} 26. Rxa8
{[%clk 00:55:30]} {[%emt 00:00:47]} Bxa8 {[%clk 00:18:04]} {[%emt 00:00:07]}
27. Ne5+ {[%clk 00:55:42]} {[%emt 00:00:18]} Ke7 {[%clk 00:16:47]} {[%emt
00:01:47]} 28. Kf1 {[%clk 00:55:51]} {[%emt 00:00:19]} Kf6 {[%clk 00:14:10]}
{[%emt 00:03:08]} 29. Ke2 {[%clk 00:55:49]} {[%emt 00:00:32]} Nxe5 {[%clk
00:13:08]} {[%emt 00:01:32]} 30. fxe5+ {[%clk 00:56:05]} {[%emt 00:00:15]} Kg5
{[%clk 00:13:23]} {[%emt 00:00:14]} 31. Ba4 {[%clk 00:56:09]} {[%emt 00:00:27]}
Kg6 {[%clk 00:07:15]} {[%emt 00:06:38]} 32. Be8+ {[%clk 00:56:30]} {[%emt
00:00:09]} Kg5 {[%clk 00:06:06]} {[%emt 00:01:38]} 33. Bf7 {[%clk 00:56:34]}
{[%emt 00:00:26]} g6 {[%clk 00:04:35]} {[%emt 00:02:02]} 34. Bxe6 {[%clk
00:56:48]} {[%emt 00:00:15]} Bc6 {[%clk 00:03:05]} {[%emt 00:02:01]} 35. f3
{[%clk 00:56:03]} {[%emt 00:01:12]} Bb7 {[%clk 00:02:22]} {[%emt 00:01:16]} 36.
g3 {[%clk 00:56:19]} {[%emt 00:00:13]} h5 {[%clk 00:02:20]} {[%emt 00:00:33]}
37. Kd2 {[%clk 00:54:57]} {[%emt 00:01:52]} Kh6 {[%clk 00:01:40]} {[%emt
00:01:10]} 38. f4 {[%clk 00:54:35]} {[%emt 00:00:50]} Bc6 {[%clk 00:00:39]}
{[%emt 00:01:33]} 39. Kc2 {[%clk 00:54:49]} {[%emt 00:00:16]} Ba4+ {[%clk
00:00:41]} {[%emt 00:00:28]} 40. Kb2 {[%clk 00:55:06]} {[%emt 00:00:12]} Bc6
{[%clk 00:00:49]} {[%emt 00:00:23]} 41. Ka3 {[%clk 00:55:27]} {[%emt 00:00:09]}
Kg7 {[%clk 00:00:33]} {[%emt 00:00:46]} 42. Kb4 {[%clk 00:55:43]} {[%emt
00:00:14]} Kf8 {[%clk 00:00:36]} {[%emt 00:00:27]} 43. Kc5 {[%clk 00:56:05]}
{[%emt 00:00:08]} Ke7 {[%clk 00:15:00]} {[%emt 00:01:04]} 44. Bxd5 {[%clk
01:11:25]} {[%emt 00:00:11]} Bxd5 {[%clk 00:15:03]} {[%emt 00:00:28]} 45. Kxd5
{[%clk 01:11:47]} {[%emt 00:00:08]} Kd7 {[%clk 00:15:09]} {[%emt 00:00:24]} 46.
Kxc4 {[%clk 01:12:04]} {[%emt 00:00:12]} Kc6 {[%clk 00:14:37]} {[%emt
00:01:02]} 47. d5+ {[%clk 01:12:23]} {[%emt 00:00:12]} Kd7 {[%clk 00:14:48]}
{[%emt 00:00:19]} 48. e6+ {[%clk 01:12:38]} {[%emt 00:00:14]} Ke7 {[%clk
00:14:26]} {[%emt 00:00:53]} 49. Kc5 {[%clk 01:12:56]} {[%emt 00:00:12]} Kd8
{[%clk 00:14:29]} {[%emt 00:00:26]} 50. d6 {[%clk 01:13:13]} {[%emt 00:00:14]}
Ke8 {[%clk 00:14:31]} {[%emt 00:00:27]} 51. d7+ {[%clk 01:13:01]} {[%emt
00:00:43]} Kd8 {[%clk 00:14:36]} {[%emt 00:00:24]} 52. Kd6 {[%clk 01:13:11]}
{[%emt 00:00:20]} g5 {[%clk 00:14:37]} {[%emt 00:00:29]} 53. e7# {[%clk
01:13:34]} {[%emt 00:00:07]} 1-0

[Event "DEM U10w 2022"]
[Site "Willingen GER"]
[Date "2022.06.10"]
[Round "10"]
[White "Tu, Audrey"]
[Black "Englert, Ann"]
[Result "1/2-1/2"]
[Termination "normal"]
[Board "6"]
[WhiteElo "1108"]
[BlackElo "1059"]
[WhiteClock "00:11:41"]
[BlackClock "00:07:54"]
[PlyCount "61"]
[WhiteFideId "34628568"]
[BlackFideId "34606181"]
[EventCountry "GER"]
[EventRounds "11"]
[EventType "swiss"]
[EventDate "2022.06.04"]

1. e4 {[%clk 01:15:59]} c5 {[%clk 01:15:56]} {[%emt 00:00:04]} 2. Nc3 {[%clk
01:16:19]} {[%emt 00:00:10]} Nc6 {[%clk 01:16:20]} {[%emt 00:00:06]} 3. Bb5
{[%clk 01:16:32]} {[%emt 00:00:17]} g6 {[%clk 01:15:56]} {[%emt 00:00:55]} 4.
Bxc6 {[%clk 01:16:45]} {[%emt 00:00:17]} dxc6 {[%clk 01:16:13]} {[%emt
00:00:13]} 5. f4 {[%clk 01:16:33]} {[%emt 00:00:42]} Bg7 {[%clk 01:15:46]}
{[%emt 00:00:56]} 6. Nf3 {[%clk 01:16:42]} {[%emt 00:00:21]} Nf6 {[%clk
01:13:50]} {[%emt 00:02:25]} 7. d3 {[%clk 01:16:31]} {[%emt 00:00:42]} b5
{[%clk 01:10:25]} {[%emt 00:03:55]} 8. Be3 {[%clk 01:14:54]} {[%emt 00:02:07]}
Nd7 {[%clk 01:06:47]} {[%emt 00:04:07]} 9. O-O {[%clk 01:10:36]} {[%emt
00:04:49]} b4 {[%clk 01:03:29]} {[%emt 00:03:48]} 10. Ne2 {[%clk 01:09:54]}
{[%emt 00:01:12]} Bxb2 {[%clk 01:02:59]} {[%emt 00:01:00]} 11. Rb1 {[%clk
01:05:52]} {[%emt 00:04:33]} Bg7 {[%clk 01:02:57]} {[%emt 00:00:27]} 12. d4
{[%clk 01:02:14]} {[%emt 00:04:12]} Qa5 {[%clk 00:57:34]} {[%emt 00:05:48]} 13.
Rb2 {[%clk 00:57:09]} {[%emt 00:05:40]} Ba6 {[%clk 00:54:43]} {[%emt 00:03:10]}
14. Rf2 {[%clk 00:52:40]} {[%emt 00:05:10]} O-O {[%clk 00:44:27]} {[%emt
00:10:47]} 15. Qc1 {[%clk 00:49:14]} {[%emt 00:03:55]} Nb6 {[%clk 00:42:00]}
{[%emt 00:02:53]} 16. c3 {[%clk 00:43:32]} {[%emt 00:06:17]} Bxe2 {[%clk
00:34:41]} {[%emt 00:07:48]} 17. Rbxe2 {[%clk 00:40:46]} {[%emt 00:03:16]} bxc3
{[%clk 00:32:59]} {[%emt 00:02:12]} 18. dxc5 {[%clk 00:39:45]} {[%emt
00:01:32]} Na4 {[%emt 00:07:06]} 19. Qa3 {[%clk 00:37:41]} Rab8 {[%clk
00:27:53]} {[%emt 00:01:22]} 20. Nd4 {[%clk 00:34:50]} {[%emt 00:03:32]} Rb1+
{[%clk 00:25:13]} {[%emt 00:03:01]} 21. Rf1 {[%clk 00:32:57]} {[%emt 00:02:31]}
Rxf1+ {[%clk 00:25:02]} {[%emt 00:00:41]} 22. Kxf1 {[%clk 00:32:43]} {[%emt
00:00:44]} Qa6 {[%clk 00:22:33]} {[%emt 00:02:53]} 23. Ke1 {[%clk 00:29:50]}
{[%emt 00:03:26]} Rd8 {[%clk 00:17:18]} {[%emt 00:05:46]} 24. Nc2 {[%clk
00:27:34]} {[%emt 00:02:48]} Qc4 {[%clk 00:14:52]} {[%emt 00:02:48]} 25. e5
{[%clk 00:21:21]} {[%emt 00:06:51]} a6 {[%clk 00:11:19]} {[%emt 00:04:04]} 26.
Qb3 {[%clk 00:18:28]} {[%emt 00:03:23]} Qxb3 {[%clk 00:09:28]} {[%emt
00:02:21]} 27. axb3 {[%clk 00:17:36]} {[%emt 00:01:21]} Nb2 {[%clk 00:09:17]}
{[%emt 00:00:39]} 28. h3 {[%clk 00:14:37]} {[%emt 00:03:31]} Rb8 {[%clk
00:08:47]} {[%emt 00:00:58]} 29. Nd4 {[%clk 00:13:32]} {[%emt 00:01:38]} Rc8
{[%clk 00:08:14]} {[%emt 00:00:57]} 30. Rc2 {[%clk 00:12:01]} {[%emt 00:02:07]}
Nd3+ {[%clk 00:07:54]} {[%emt 00:00:49]} 31. Ke2 {[%clk 00:11:41]} {[%emt
00:00:50]} 1/2-1/2

[Event "DEM U10w 2022"]
[Site "Willingen GER"]
[Date "2022.06.10"]
[Round "10"]
[White "Mersmann, Jasmin"]
[Black "Malagatte, Samiksha"]
[Result "1-0"]
[Termination "normal"]
[Board "8"]
[WhiteElo "1099"]
[BlackElo "1056"]
[WhiteClock "00:56:31"]
[BlackClock "00:44:10"]
[PlyCount "117"]
[WhiteFideId "34630287"]
[BlackFideId "34633790"]
[EventCountry "GER"]
[EventRounds "11"]
[EventType "swiss"]
[EventDate "2022.06.04"]

1. e4 {[%clk 01:15:55]} {[%emt 00:00:04]} e5 {[%clk 01:15:40]} {[%emt
00:00:21]} 2. Nc3 {[%clk 01:15:41]} {[%emt 00:00:44]} Nf6 {[%clk 01:15:50]}
{[%emt 00:00:21]} 3. d3 {[%clk 01:15:50]} {[%emt 00:00:20]} d5 {[%clk
01:15:48]} {[%emt 00:00:32]} 4. Nxd5 {[%clk 01:13:58]} {[%emt 00:02:22]} Nxd5
{[%clk 01:16:03]} {[%emt 00:00:14]} 5. exd5 {[%clk 01:14:14]} {[%emt 00:00:15]}
Qxd5 {[%clk 01:16:12]} {[%emt 00:00:20]} 6. Ne2 {[%clk 01:13:24]} {[%emt
00:01:21]} Bc5 {[%clk 01:14:33]} {[%emt 00:02:09]} 7. Nc3 {[%clk 01:10:37]}
{[%emt 00:03:18]} Qd4 {[%clk 01:13:32]} {[%emt 00:01:30]} 8. Be3 {[%clk
01:10:08]} {[%emt 00:00:59]} Qb4 {[%clk 01:10:16]} {[%emt 00:03:45]} 9. Bxc5
{[%clk 01:09:41]} {[%emt 00:00:59]} Qxc5 {[%clk 01:09:51]} {[%emt 00:00:53]}
10. g3 {[%clk 01:09:18]} {[%emt 00:00:53]} O-O {[%clk 01:08:51]} {[%emt
00:01:30]} 11. Bg2 {[%clk 01:09:34]} {[%emt 00:00:14]} Nc6 {[%clk 01:08:35]}
{[%emt 00:00:46]} 12. O-O {[%clk 01:09:28]} {[%emt 00:00:36]} Bf5 {[%clk
01:08:33]} {[%emt 00:00:32]} 13. Be4 {[%clk 01:09:05]} {[%emt 00:00:53]} Bxe4
{[%clk 01:06:05]} {[%emt 00:02:57]} 14. Nxe4 {[%clk 01:09:13]} {[%emt
00:00:23]} Qb6 {[%clk 01:04:20]} {[%emt 00:02:13]} 15. b3 {[%clk 01:09:10]}
{[%emt 00:00:35]} f5 {[%clk 01:03:48]} {[%emt 00:01:02]} 16. Ng5 {[%clk
01:07:36]} {[%emt 00:02:04]} h6 {[%clk 01:03:42]} {[%emt 00:00:36]} 17. Nf3
{[%clk 01:07:14]} {[%emt 00:00:52]} e4 {[%clk 01:02:37]} {[%emt 00:01:36]} 18.
dxe4 {[%clk 01:06:41]} {[%emt 00:01:02]} fxe4 {[%clk 01:01:04]} {[%emt
00:02:02]} 19. Qd5+ {[%clk 01:06:55]} {[%emt 00:00:17]} Kh8 {[%clk 01:00:54]}
{[%emt 00:00:40]} 20. Qxe4 {[%clk 01:06:56]} {[%emt 00:00:27]} Rae8 {[%clk
01:00:18]} {[%emt 00:01:08]} 21. Qd3 {[%clk 01:05:25]} {[%emt 00:02:00]} Nb4
{[%clk 00:58:58]} {[%emt 00:01:47]} 22. Qd1 {[%clk 01:01:27]} {[%emt 00:04:31]}
Qc6 {[%clk 00:52:06]} {[%emt 00:07:22]} 23. Nd4 {[%clk 00:59:08]} {[%emt
00:02:50]} Qe4 {[%clk 00:51:47]} {[%emt 00:00:45]} 24. Re1 {[%clk 00:56:21]}
{[%emt 00:03:20]} Qxe1+ {[%clk 00:50:37]} {[%emt 00:01:40]} 25. Qxe1 {[%clk
00:56:12]} {[%emt 00:00:40]} Rxe1+ {[%clk 00:50:57]} {[%emt 00:00:09]} 26. Rxe1
{[%clk 00:56:38]} {[%emt 00:00:04]} c5 {[%clk 00:49:14]} {[%emt 00:02:12]} 27.
Ne2 {[%clk 00:54:51]} {[%emt 00:02:18]} Nxc2 {[%clk 00:47:43]} {[%emt
00:02:00]} 28. Rc1 {[%clk 00:55:04]} {[%emt 00:00:18]} Nd4 {[%clk 00:46:54]}
{[%emt 00:01:16]} 29. Nxd4 {[%clk 00:55:08]} {[%emt 00:00:30]} cxd4 {[%clk
00:46:58]} {[%emt 00:00:26]} 30. Rd1 {[%clk 00:55:28]} {[%emt 00:00:09]} Rd8
{[%clk 00:47:18]} {[%emt 00:00:11]} 31. Rd3 {[%clk 00:55:43]} {[%emt 00:00:15]}
Kg8 {[%clk 00:47:06]} {[%emt 00:00:41]} 32. Kg2 {[%clk 00:56:01]} {[%emt
00:00:13]} Kf7 {[%clk 00:47:18]} {[%emt 00:00:18]} 33. Kf3 {[%clk 00:56:13]}
{[%emt 00:00:18]} Ke6 {[%clk 00:46:15]} {[%emt 00:01:33]} 34. Ke4 {[%clk
00:56:32]} {[%emt 00:00:10]} Rd5 {[%clk 00:44:50]} {[%emt 00:01:54]} 35. Rxd4
{[%clk 00:56:19]} {[%emt 00:00:45]} Rxd4+ {[%clk 00:44:53]} {[%emt 00:00:27]}
36. Kxd4 {[%clk 00:56:43]} {[%emt 00:00:07]} Kf5 {[%clk 00:45:04]} {[%emt
00:00:19]} 37. h4 {[%clk 00:56:35]} {[%emt 00:00:37]} Kg4 {[%clk 00:44:57]}
{[%emt 00:00:37]} 38. Ke3 {[%clk 00:56:58]} {[%emt 00:00:07]} g5 {[%clk
00:44:33]} {[%emt 00:00:54]} 39. hxg5 {[%clk 00:57:11]} {[%emt 00:00:16]} hxg5
{[%clk 00:44:43]} {[%emt 00:00:21]} 40. a4 {[%clk 00:57:32]} {[%emt 00:00:09]}
Kh3 {[%clk 00:43:10]} {[%emt 00:02:03]} 41. b4 {[%clk 00:56:35]} {[%emt
00:01:27]} g4 {[%clk 00:42:48]} {[%emt 00:00:52]} 42. a5 {[%clk 00:56:23]}
{[%emt 00:00:42]} Kg2 {[%clk 00:42:11]} {[%emt 00:01:05]} 43. b5 {[%clk
00:56:43]} {[%emt 00:00:13]} Kh3 {[%clk 00:42:32]} {[%emt 00:00:08]} 44. b6
{[%clk 00:56:51]} {[%emt 00:00:22]} a6 {[%clk 00:42:57]} {[%emt 00:00:06]} 45.
f3 {[%clk 00:55:49]} {[%emt 00:01:31]} Kxg3 {[%clk 00:42:00]} {[%emt 00:01:26]}
46. fxg4 {[%clk 00:55:36]} {[%emt 00:00:44]} Kxg4 {[%clk 00:42:17]} {[%emt
00:00:13]} 47. Ke4 {[%clk 00:56:00]} {[%emt 00:00:06]} Kg5 {[%clk 00:42:22]}
{[%emt 00:00:25]} 48. Ke5 {[%clk 00:56:09]} {[%emt 00:00:21]} Kg6 {[%clk
00:42:44]} {[%emt 00:00:09]} 49. Kd6 {[%clk 00:56:25]} {[%emt 00:00:13]} Kf7
{[%clk 00:42:47]} {[%emt 00:00:26]} 50. Kc7 {[%clk 00:56:47]} {[%emt 00:00:09]}
Ke7 {[%clk 00:43:00]} {[%emt 00:00:16]} 51. Kxb7 {[%clk 00:57:10]} {[%emt
00:00:09]} Kd8 {[%clk 00:43:19]} {[%emt 00:00:11]} 52. Ka7 {[%clk 00:57:02]}
{[%emt 00:00:37]} Kc8 {[%clk 00:42:51]} {[%emt 00:00:58]} 53. b7+ {[%clk
00:57:22]} {[%emt 00:00:10]} Kc7 {[%clk 00:43:17]} {[%emt 00:00:04]} 54. b8=Q
{[%emt 00:00:12]} Kc6 {[%emt 00:00:08]} 55. Qe5 {[%clk 00:56:54]} {[%emt
00:00:38]} Kd7 {[%clk 00:43:36]} {[%emt 00:00:12]} 56. Kb6 {[%clk 00:56:48]}
{[%emt 00:00:35]} Kd8 {[%clk 00:43:34]} {[%emt 00:00:31]} 57. Qg7 {[%clk
00:56:45]} {[%emt 00:00:33]} Ke8 {[%clk 00:43:50]} {[%emt 00:00:15]} 58. Kc6
{[%clk 00:56:31]} {[%emt 00:00:43]} Kd8 {[%clk 00:44:10]} {[%emt 00:00:11]} 59.
Qd7# {[%emt 00:00:06]} 1-0

[Event "DEM U10w 2022"]
[Site "Willingen GER"]
[Date "2022.06.10"]
[Round "10"]
[White "Heidtkamp, Anna"]
[Black "Beimler, Annemarie"]
[Result "1-0"]
[Termination "normal"]
[Board "9"]
[WhiteElo "1163"]
[BlackElo "954"]
[WhiteClock "00:33:30"]
[BlackClock "00:44:34"]
[PlyCount "123"]
[WhiteFideId "16269012"]
[EventCountry "GER"]
[EventRounds "11"]
[EventType "swiss"]
[EventDate "2022.06.04"]

1. e4 {[%clk 01:15:58]} {[%emt 00:00:01]} c6 {[%clk 01:15:57]} {[%emt
00:00:03]} 2. d4 {[%clk 01:16:21]} {[%emt 00:00:07]} d5 {[%clk 01:16:23]}
{[%emt 00:00:04]} 3. e5 {[%clk 01:16:04]} {[%emt 00:00:47]} g6 {[%clk
01:16:14]} {[%emt 00:00:38]} 4. Bd3 {[%clk 01:15:54]} {[%emt 00:00:41]} Bg7
{[%clk 01:16:02]} {[%emt 00:00:41]} 5. Nc3 {[%clk 01:15:36]} {[%emt 00:00:49]}
Bf5 {[%clk 01:10:49]} {[%emt 00:05:43]} 6. Bxf5 {[%clk 01:15:35]} {[%emt
00:00:31]} gxf5 {[%clk 01:11:09]} {[%emt 00:00:10]} 7. Nf3 {[%clk 01:15:29]}
{[%emt 00:00:36]} e6 {[%clk 01:10:26]} {[%emt 00:01:13]} 8. O-O {[%clk
01:12:38]} {[%emt 00:03:18]} Nd7 {[%clk 01:08:15]} {[%emt 00:02:44]} 9. Re1
{[%clk 01:12:17]} {[%emt 00:00:51]} Qc7 {[%clk 01:07:27]} {[%emt 00:01:19]} 10.
Bg5 {[%clk 01:11:22]} {[%emt 00:01:24]} f6 {[%clk 01:07:38]} {[%emt 00:00:18]}
11. exf6 {[%clk 01:11:16]} {[%emt 00:00:36]} Ndxf6 {[%clk 01:06:59]} {[%emt
00:01:10]} 12. Rxe6+ {[%clk 01:09:55]} {[%emt 00:01:51]} Kd7 {[%clk 01:06:21]}
{[%emt 00:01:08]} 13. Re1 {[%clk 01:09:01]} {[%emt 00:01:24]} Rd8 {[%clk
01:06:18]} {[%emt 00:00:33]} 14. Ne5+ {[%clk 01:09:03]} {[%emt 00:00:27]} Kc8
{[%clk 01:06:25]} {[%emt 00:00:24]} 15. Qf3 {[%clk 01:05:57]} {[%emt 00:03:28]}
Nh6 {[%clk 01:00:25]} {[%emt 00:06:38]} 16. Bxh6 {[%clk 01:05:30]} {[%emt
00:00:56]} Bxh6 {[%clk 01:00:43]} {[%emt 00:00:09]} 17. Qxf5+ {[%clk 01:05:50]}
{[%emt 00:00:14]} Nd7 {[%clk 01:00:27]} {[%emt 00:00:45]} 18. Nxd7 {[%clk
01:03:07]} {[%emt 00:03:14]} Qxd7 {[%clk 00:59:22]} {[%emt 00:01:34]} 19. Qxd7+
{[%clk 00:58:56]} {[%emt 00:04:41]} Rxd7 {[%clk 00:59:21]} {[%emt 00:00:32]}
20. Rad1 {[%clk 00:54:57]} {[%emt 00:04:26]} Rg8 {[%clk 00:58:10]} {[%emt
00:01:44]} 21. g3 {[%clk 00:50:08]} {[%emt 00:05:19]} Bg5 {[%clk 00:53:39]}
{[%emt 00:05:00]} 22. Kh1 {[%clk 00:50:01]} {[%emt 00:00:38]} Rd6 {[%clk
00:51:57]} {[%emt 00:02:10]} 23. f4 {[%clk 00:49:21]} {[%emt 00:01:11]} Bd8
{[%clk 00:51:30]} {[%emt 00:00:57]} 24. Re5 {[%clk 00:47:40]} {[%emt 00:02:11]}
Bf6 {[%clk 00:51:24]} {[%emt 00:00:35]} 25. Rh5 {[%clk 00:46:58]} {[%emt
00:01:12]} Rg7 {[%clk 00:50:52]} {[%emt 00:01:04]} 26. Rh6 {[%clk 00:47:09]}
{[%emt 00:00:19]} Be7 {[%clk 00:50:47]} {[%emt 00:00:35]} 27. Rxd6 {[%clk
00:47:06]} {[%emt 00:00:33]} Bxd6 {[%clk 00:51:06]} {[%emt 00:00:11]} 28. a3
{[%clk 00:47:10]} {[%emt 00:00:27]} h5 {[%clk 00:50:30]} {[%emt 00:01:05]} 29.
Re1 {[%clk 00:45:51]} {[%emt 00:01:48]} h4 {[%clk 00:49:54]} {[%emt 00:01:07]}
30. Rg1 {[%clk 00:43:29]} {[%emt 00:02:51]} hxg3 {[%clk 00:47:52]} {[%emt
00:02:31]} 31. hxg3 {[%clk 00:42:29]} {[%emt 00:01:31]} Kd7 {[%clk 00:46:56]}
{[%emt 00:01:27]} 32. Kh2 {[%clk 00:42:13]} {[%emt 00:00:45]} Ke6 {[%clk
00:46:28]} {[%emt 00:00:57]} 33. Rg2 {[%clk 00:35:29]} {[%emt 00:07:16]} c5
{[%clk 00:46:16]} {[%emt 00:00:42]} 34. Re2+ {[%clk 00:34:09]} {[%emt
00:01:49]} Kd7 {[%clk 00:46:28]} {[%emt 00:00:19]} 35. dxc5 {[%clk 00:33:21]}
{[%emt 00:01:18]} Rh7+ {[%clk 00:45:34]} {[%emt 00:01:23]} 36. Kg2 {[%clk
00:33:21]} {[%emt 00:00:30]} Bxc5 {[%clk 00:45:40]} {[%emt 00:00:24]} 37. Nxd5
{[%clk 00:33:39]} {[%emt 00:00:12]} Kd6 {[%clk 00:44:10]} {[%emt 00:02:00]} 38.
Nf6 {[%clk 00:32:52]} {[%emt 00:01:18]} Rh6 {[%clk 00:43:27]} {[%emt 00:01:12]}
39. Ne4+ {[%clk 00:33:15]} {[%emt 00:00:08]} Kd5 {[%clk 00:43:15]} {[%emt
00:00:41]} 40. Nxc5 {[%clk 00:33:19]} {[%emt 00:00:27]} Kxc5 {[%clk 00:43:38]}
{[%emt 00:00:06]} 41. f5 {[%clk 00:32:48]} {[%emt 00:01:02]} Kd6 {[%clk
00:43:26]} {[%emt 00:00:42]} 42. g4 {[%clk 00:32:41]} {[%emt 00:00:37]} Rh4
{[%clk 00:41:46]} {[%emt 00:02:10]} 43. Kg3 {[%clk 00:32:03]} {[%emt 00:01:08]}
Rh1 {[%clk 00:42:00]} {[%emt 00:00:16]} 44. f6 {[%clk 00:32:21]} {[%emt
00:00:11]} Rh8 {[%clk 00:42:25]} {[%emt 00:00:06]} 45. g5 {[%clk 00:32:41]}
{[%emt 00:00:10]} Rg8 {[%clk 00:42:23]} {[%emt 00:00:31]} 46. Kg4 {[%clk
00:32:56]} {[%emt 00:00:15]} a5 {[%clk 00:42:29]} {[%emt 00:00:25]} 47. f7
{[%clk 00:33:17]} {[%emt 00:00:09]} Rf8 {[%clk 00:42:46]} {[%emt 00:00:13]} 48.
g6 {[%clk 00:33:41]} {[%emt 00:00:05]} Kd7 {[%clk 00:42:59]} {[%emt 00:00:16]}
49. Kg5 {[%clk 00:34:01]} {[%emt 00:00:10]} b5 {[%clk 00:42:43]} {[%emt
00:00:48]} 50. Kf6 {[%clk 00:34:20]} {[%emt 00:00:11]} b4 {[%clk 00:42:54]}
{[%emt 00:00:20]} 51. a4 {[%clk 00:34:42]} {[%emt 00:00:07]} b3 {[%clk
00:43:15]} {[%emt 00:00:08]} 52. c3 {[%clk 00:34:44]} {[%emt 00:00:29]} Kd6
{[%clk 00:42:47]} {[%emt 00:00:58]} 53. Re8 {[%clk 00:34:58]} {[%emt 00:00:15]}
Rxe8 {[%clk 00:43:04]} {[%emt 00:00:14]} 54. fxe8=Q {[%clk 00:35:16]} {[%emt
00:00:12]} Kc5 {[%clk 00:43:05]} {[%emt 00:00:28]} 55. Qb5+ {[%clk 00:33:26]}
{[%emt 00:02:20]} Kd6 {[%clk 00:43:21]} {[%emt 00:00:14]} 56. Qe5+ {[%clk
00:33:38]} {[%emt 00:00:18]} Kc6 {[%clk 00:43:42]} {[%emt 00:00:10]} 57. c4
{[%clk 00:33:55]} {[%emt 00:00:13]} Kd7 {[%clk 00:43:42]} {[%emt 00:00:30]} 58.
Qe6+ {[%clk 00:34:17]} {[%emt 00:00:08]} Kc7 {[%clk 00:44:03]} {[%emt
00:00:08]} 59. c5 {[%clk 00:33:51]} {[%emt 00:00:56]} Kd8 {[%clk 00:43:54]}
{[%emt 00:00:40]} 60. Qe7+ {[%clk 00:34:01]} {[%emt 00:00:19]} Kc8 {[%clk
00:44:14]} {[%emt 00:00:10]} 61. c6 {[%clk 00:33:30]} {[%emt 00:01:01]} Kb8
{[%clk 00:44:34]} {[%emt 00:00:11]} 62. Qb7# {[%emt 00:00:11]} 1-0